| 000 | 00548nam a2200157Ia 4500 | ||
|---|---|---|---|
| 005 | 20241106003409.0 | ||
| 008 | 240331s9999 xx 000 0 und d | ||
| 020 | _a9780140282115 | ||
| 082 |
_bGOK _a823 |
||
| 100 | _aGokhale,N | ||
| 245 | 4 | _aThe Book of Shadows | |
| 260 |
_aNew York _bPenguin books India _c1999 |
||
| 300 | _a232 p ., | ||
| 500 | _aThe Book of shadows is an ambitious book that explores the nature of reality, Love and faith . it is a work of startling originality by one of India's most daring and talented writers. | ||
| 942 | _cL | ||
| 999 |
_c5688 _d5688 |
||